00478cam a22001692 4500001001100000005001700011008004100028020001700069040001500086100003600101245005900137250001200196260003800208300001600246650004300262852000300305000001990120151217154436.0110309s xx 000 0 eng d a8180385032 : aKABUcKABU1 aBuckley, Richard A.@000017988910aBuckley :bthe law of negligence /cRichard A Buckley. a4th ed. aAustralia :bButterworths,c2007. acii, 669 p. 0aNegligencezGreat Britain.@00001798901